Taylor Swift - Paroles You All Over Me (feat. Maren Morris) - Statistiques

Statistiques générales
  • Ce quiz a été pris 16 fois
  • Le résultat moyen est 226 sur 295
Statistiques - réponses
Hint Réponse % Correct
a
100%
all
100%
and
100%
And
100%
be
100%
'Cause
100%
got
100%
I
100%
it
100%
It's
100%
it's
100%
know,
100%
me
100%
me'
100%
over
100%
the
100%
The
100%
where
100%
you
100%
You
100%
you,
100%
been
86%
but
86%
But
86%
can
86%
can't
86%
did,
86%
do
86%
in
86%
I've
86%
no
86%
of
86%
on
86%
out,
86%
out
86%
that
86%
then
86%
They
86%
to
86%
too
86%
we
86%
Were
86%
your
86%
'don't
71%
get
71%
Had
71%
had
71%
hands
71%
how
71%
I'd
71%
like
71%
Now
71%
off
71%
Couplet 1 Once
71%
one
71%
pocket,
71%
pockets
71%
see,
71%
so
71%
So
71%
still
71%
Still
71%
time,
71%
what
71%
With
71%
amount
57%
around
57%
burned
57%
child
57%
clean
57%
cried
57%
day
57%
die
57%
dollar
57%
drop
57%
find
57%
found
57%
freedom
57%
gets
57%
has
57%
Held
57%
held
57%
here
57%
June
57%
last
57%
learned
57%
leave
57%
long
57%
lost
57%
meant
57%
met
57%
myself
57%
never
57%
pavement
57%
rain
57%
really
57%
Reminds
57%
reminds
57%
right
57%
Shouldn't
57%
stain,
57%
tears
57%
turn
57%
used
57%
Was
57%
was
57%
wasted
57%
way
57%
air
43%
bathroom
43%
best
43%
breath
43%
breathe
43%
change
43%
every
43%
God
43%
graffiti
43%
grin
43%
knows,
43%
lied,
43%
lived,
43%
old
43%
part
43%
roads
43%
spent
43%
stones,
43%
Swore
43%
traded
43%
underneath
43%
walls
43%
watched
43%
wish
43%
worst
43%
county
29%
dried
29%
'em
29%
melted
29%
muddy
29%
scratch
29%
smiled,
29%
stalls
29%
tires
29%
Aucun quiz correspondant
Distribution des résultats
% des personnes avec chaque résultat
Percentile par nombre de réponses
Votre historique - résultats
Vous n’avez pas pris ce quiz